Estadísticas para Islas más grandes de España

Haz click aquí para tomar la prueba!

Estadísticas generales

  • Esta prueba ha sido tomada 869 veces
  • La puntuación promedio es 10 de 15

Estadísticas de respuestas

Superficie en km² Isla % Correcto
3,667Mallorca
97%
577Ibiza
95%
692Menorca
94%
2,008Tenerife
93%
1,530Gran Canaria
89%
791Lanzarote
80%
83Formentera
78%
1,633Fuerteventura
78%
269El Hierro
74%
370La Gomera
73%
690La Palma
69%
12Isla de Cabrera
57%
29La Graciosa
32%
10Alegranza
17%
10Isla de Buda
7%

Distribución de puntuación

Porcentaje por número respondido

Porcentaje de gente con cada puntuación

Historial de tus puntuaciones

No has tomado esta prueba